ბათუმის შოთა რუსთაველის სახელმწიფო უნივერსიტეტის ბიბლიოთეკა

სალტე (ბიბ.ჩანაწერი № 43480)

000 -LEADER
fixed length control field 00807nam a2200217Ia 4500
001 - CONTROL NUMBER
control field 10211
003 - CONTROL NUMBER IDENTIFIER
control field GE_BSU
008 - FIXED-LENGTH DATA ELEMENTS--GENERAL INFORMATION
fixed length control field 181216s||||||||xx |||||||||||||| ||und||
040 ## - CATALOGING SOURCE
Transcribing agency GE_BSU
100 ## - MAIN ENTRY--PERSONAL NAME
Personal name სამსონიძე,პეტრე
245 ## - TITLE STATEMENT
Title სალტე
245 ## - TITLE STATEMENT
Remainder of title პიესა ოთხ მოქმედებად
245 ## - TITLE STATEMENT
Statement of responsibility, etc. ბოლოსიტყვ:ერ.ქარელიშვილი;რედ:ერ.ქარელიშვილი;მხატვ:ე.ბოლქვაძე.
260 ## - PUBLICATION, DISTRIBUTION, ETC.
Place of publication, distribution, etc. თბილისი
260 ## - PUBLICATION, DISTRIBUTION, ETC.
Name of publisher, distributor, etc. ხელოვნება
260 ## - PUBLICATION, DISTRIBUTION, ETC.
Date of publication, distribution, etc. 1958
300 ## - PHYSICAL DESCRIPTION
Extent 96გვ;21სმ.
300 ## - PHYSICAL DESCRIPTION
Other physical details 1ფ.პორტრეტი
653 ## - INDEX TERM--UNCONTROLLED
Uncontrolled term სალტე:პიესა ოთხ მოქმედებად
942 ## - ADDED ENTRY ELEMENTS (KOHA)
Koha item type წიგნი
ეგზემპლარები
Withdrawn status Lost status Damaged status Not for loan Date acquired Barcode Date last seen Price effective from Koha item type
        2018-12-17 33683 2018-12-17 2018-12-17 წიგნი